| 000 | 00611cam a22002172 4500 | ||
|---|---|---|---|
| 001 | 0000000032 | ||
| 005 | 20151217161126.0 | ||
| 008 | 070108s xx 000 0 eng d | ||
| 020 |
_a0850212391 : _cKES 1,000 (Donation) |
||
| 040 |
_aKABU _cKABU |
||
| 245 | 1 | 0 | _aWhitaker's almanack 1994. |
| 250 | _a126th ed. | ||
| 260 |
_aLondon : _bJ. Whitaker & Sons Ltd., _cc1993. |
||
| 300 |
_a1279 p. : _bill. ; _c24 cm. |
||
| 310 | _aAnnual | ||
| 362 | 0 | _a1994. | |
| 650 | 0 |
_aAlmanacs, English. _@0000147993 |
|
| 908 | _a070108 | ||
| 950 | _@1 | ||
| 999 |
_c14822 _d14822 |
||